World Cattle Population Quiz Stats

 Plays Quiz Updated Nov 26, 2018

Challenge
Share
Tweet
Embed
Score 0/20 Timer 04:00
7 Plays Today
Rank Country % Correct
4.United States
98.8%
3.China
95.6%
1.Brazil
93%
2.India
92.8%
15.Russia
90.1%
9.Mexico
89.2%
10.Australia
86%
6.Argentina
85.1%
17.France
79.1%
12.Colombia
62.9%
Rank Country % Correct
8.Pakistan
62%
18.Indonesia
57.2%
20.Venezuela
55.9%
14.Nigeria
46.7%
16.Kenya
46.3%
11.Bangladesh
41.8%
7.Sudan (combined)
40.4%
5.Ethiopia
40.2%
13.Tanzania
31.1%
19.Myanmar
29.4%

You're not logged in!

Compare scores with friends on all Sporcle quizzes.
OR
Log In

You Might Also Like...

Show Comments

Extras

Top Quizzes Today


Score Distribution

Your Account Isn't Verified!

In order to create a playlist on Sporcle, you need to verify the email address you used during registration. Go to your Sporcle Settings to finish the process.

Report this User

Report this user for behavior that violates our Community Guidelines.

Details: